[Event "SR 2. liga A 2005/2006"]
[Site "?"]
[Date "2005.10.22"]
[Round "2.3"]
[White "Bisco, Igor"]
[Black "Szitkey, Milan"]
[Result "1-0"]
[WhiteElo "2110"]
[BlackElo "2220"]
[PlyCount "59"]
[EventDate "2005.??.??"]

1. e4 e6 2. d4 d5 3. Nc3 Bb4 4. e5 c5 5. a3 Ba5 6. b4 cxd4 7. bxa5 dxc3 8. Nf3
Nc6 9. Bd3 Qxa5 10. O-O b6 11. Qe2 Nge7 12. Rb1 Nf5 13. Rb5 Qa4 14. Rb4 Qa5 15.
Bb5 Bd7 16. Ra4 Ncd4 17. Nxd4 Bxb5 18. Qxb5+ Qxb5 19. Nxb5 Kd7 20. g4 Nh4 21.
f4 h5 22. f5 hxg4 23. fxe6+ Kc6 24. Nd4+ Kc5 25. exf7 b5 26. Ne6+ Kc6 27. Ra6+
Kb7 28. Nc5+ Kc7 29. e6 Nf3+ 30. Rxf3 1-0

[Event "SR 2. liga A 2005/2006"]
[Site "?"]
[Date "2005.10.22"]
[Round "2.4"]
[White "Felcir, Jaroslav"]
[Black "Lahucky, Pavol"]
[Result "1-0"]
[WhiteElo "2197"]
[BlackElo "2107"]
[PlyCount "75"]
[EventDate "2005.??.??"]

1. e4 e5 2. Nf3 Nc6 3. Bc4 Nf6 4. d4 exd4 5. e5 d5 6. Bb5 Bb4+ 7. c3 dxc3 8.
bxc3 O-O 9. cxb4 Qe7 10. Bxc6 bxc6 11. O-O Ne4 12. b5 Qe6 13. bxc6 Qxc6 14. Nd4
Qb6 15. Nb3 Rd8 16. Be3 c5 17. Qc2 Ba6 18. Rc1 Rac8 19. f3 d4 20. Qxe4 dxe3 21.
Qxe3 Rd3 22. Qf2 Qb4 23. Qe1 Qb6 24. Qf2 Qb4 25. Re1 c4 26. Nc1 Rd7 27. a3 Qa5
28. Na2 Rcd8 29. Nb4 Bb7 30. Nc3 Rd2 31. Qe3 h6 32. e6 fxe6 33. Qxe6+ Kh8 34.
Qxc4 Qb6+ 35. Kh1 Qf2 36. Qg4 R8d4 37. Re8+ Kh7 38. Qf5+ 1-0

[Event "SR 2. liga A 2005/2006"]
[Site "?"]
[Date "2005.10.23"]
[Round "2.4"]
[White "Hecko, Dusan"]
[Black "Eged, Igor"]
[Result "1-0"]
[WhiteElo "2122"]
[BlackElo "2107"]
[PlyCount "101"]
[EventDate "2005.??.??"]

1. e4 {B06: Moderna obrana} d6 2. d4 g6 3. Nc3 Bg7 4. h3 Nd7 ({kniz. Fritz} 
4... Nf6) (4... a6) 5. Nf3 c5 6. Be3 cxd4 7. Bxd4 Ngf6 8. Bc4 O-O 9. O-O a6 10.
a4 Qc7 11. Qe2 e5 12. Be3 $14 Nc5 13. Bd5 Nh5 14. Qd2 Kh8 15. Nh2 Ne6 16. Rfd1
Nef4 17. Kh1 (17. Bb3 f5 $16) 17... f5 18. Bb3 Rd8 (18... Nf6 19. Qxd6 Qxd6 20.
Rxd6 Nxe4 21. Nxe4 fxe4 22. Nf1 $16) 19. a5 Qe7 20. Bb6 Rf8 21. Qxd6 Qg5 22.
Rg1 Nf6 23. Rae1 Bd7 24. Qd1 Bc6 $16 25. Bd5 Bxd5 26. exd5 $18 Nd7 27. Bc7 (27.
Be3 $5 Qd8 28. Qa1 b6 $18) 27... Rac8 28. d6 e4 29. Re3 (29. Qc1 Nc5 $16) 29...
Be5 30. Nd5 (30. Na4 Nh5 31. Nf1 Nhf6 $16) 30... Ne6 (30... Nxd5 31. Qxd5 Qf4
32. Nf1 Qxf2 33. c3 Qxb2 34. Nd2 $17) 31. Rb3 Nec5 (31... Nxc7 32. dxc7 Nf6 33.
Nxf6 Qxf6 34. Rxb7 $11) 32. Nb6 (32. Rb4 Rfe8 $16) 32... Nxb3 $2 (32... Nxb6
$142 {a cierny este zije} 33. Rxb6 Qf4 $11) 33. Nxd7 $18 Bxh2 34. Nxf8 Rxf8 35.
Kxh2 Nd2 36. d7 Kg8 37. d8=Q (37. Qe2 $142 Kg7 38. Rd1 $18) 37... Rxd8 38. Bxd8
Qxd8 39. Qe2 Qxa5 $16 40. Rd1 Qe5+ $2 (40... Qc7+ $142 41. Kh1 Nc4 $16) 41. Kg1
$18 e3 42. Qxe3 Ne4 $2 (42... Qxe3 43. fxe3 Nc4 $18) 43. Rd8+ Kg7 44. Rd7+ Kf6
45. Rxb7 f4 46. Qb6+ Kg5 47. Rxh7 Nf6 48. h4+ Kg4 49. Rf7 Qe1+ 50. Kh2 f3 51.
Qxf6 1-0

[Event "SR 2. liga A 2005/2006"]
[Site "?"]
[Date "2005.10.22"]
[Round "2.5"]
[White "Gajarsky, Roman"]
[Black "Miklas, Marian"]
[Result "0-1"]
[WhiteElo "2052"]
[BlackElo "2191"]
[PlyCount "88"]
[EventDate "2005.??.??"]

1. e4 c5 2. c4 d6 3. g3 g6 4. Bg2 Bg7 5. Nc3 Nc6 6. Nge2 Ne5 7. d3 Bg4 8. O-O
Nf3+ 9. Kh1 h5 10. Qa4+ Kf8 11. h4 g5 12. Bxg5 Nxg5 13. hxg5 h4 14. gxh4 Rxh4+
15. Kg1 Bxc3 16. Nxc3 e5 17. f4 exf4 18. Rxf4 Qxg5 19. Raf1 Nh6 20. Qc2 Be6 21.
Rxh4 Qxh4 22. Qf2 Qxf2+ 23. Kxf2 Ke7 24. Nd5+ Bxd5 25. cxd5 Ng4+ 26. Ke2 Rh8
27. Rh1 Rxh1 28. Bxh1 Kf6 29. Bg2 Ke5 30. Bh3 Nh6 31. Bc8 b6 32. Ke3 f5 33.
exf5 Nxf5+ 34. Bxf5 Kxf5 35. d4 c4 36. Kf3 b5 37. Ke3 b4 38. Kf3 a5 39. Ke3 a4
40. a3 b3 41. Kd2 Ke4 42. Kc3 Kxd5 43. Kb4 Kxd4 44. Kxa4 Kc5 0-1

[Event "SR 2. liga A 2005/2006"]
[Site "?"]
[Date "2005.10.22"]
[Round "2.6"]
[White "Minich, Peter"]
[Black "Slamena, Michal"]
[Result "1-0"]
[WhiteElo "2197"]
[BlackElo "2063"]
[PlyCount "75"]
[EventDate "2005.??.??"]

1. e4 c5 2. g3 d6 3. Bg2 Nc6 4. Ne2 g6 5. c3 Bg7 6. O-O e5 7. Na3 Nge7 8. Nc2
Qb6 9. d3 Bg4 10. f3 Be6 11. c4 f5 12. Rb1 a5 13. Be3 h5 14. h4 Nb4 15. a3 Nxc2
16. Qxc2 Nc6 17. Qd2 Bf6 18. f4 O-O 19. exf5 Bxf5 20. Bd5+ Kh7 21. Kh2 Rae8 22.
Nc3 exf4 23. Bxf4 Ne5 24. Ne4 Ng4+ 25. Kh1 Bxe4+ 26. dxe4 Bd4 27. b4 axb4 28.
axb4 Re7 29. bxc5 Qxc5 30. Rb5 Qa3 31. Qxd4 Rxf4 32. Rxf4 Qxg3 33. Rxg4 Qh3+
34. Kg1 hxg4 35. Qf2 Qd3 36. Rb2 g3 37. Qf6 Rg7 38. Kg2 1-0

[Event "SR 2. liga A 2005/2006"]
[Site "?"]
[Date "2005.10.22"]
[Round "2.7"]
[White "Peska, Juraj"]
[Black "Lukac, Roman"]
[Result "0-1"]
[WhiteElo "2020"]
[BlackElo "2143"]
[PlyCount "58"]
[EventDate "2005.??.??"]

1. c4 Nf6 2. Nc3 c5 3. g3 d5 4. cxd5 Nxd5 5. Bg2 Nc7 6. Nf3 Nc6 7. d3 e5 8. Be3
Be7 9. Ne4 b6 10. Ned2 O-O 11. Nc4 f6 12. O-O Nd5 13. Bd2 Be6 14. a4 Qd7 15.
Qb3 Rab8 16. Qc3 Rfc8 17. Ne3 Nd4 18. Nxd4 cxd4 19. Nc4 a6 20. Qb3 b5 21. axb5
axb5 22. Nxe5 fxe5 23. Qd1 b4 24. Ra5 b3 25. Qa1 Rc2 26. Ra7 Qe8 27. Qa5 Bd8
28. Rxg7+ Kxg7 29. Qa7+ Bc7 0-1

[Event "SR 2. liga A 2005/2006"]
[Site "?"]
[Date "2005.10.22"]
[Round "2.8"]
[White "Nicolini, Alexander"]
[Black "Barca, Michal"]
[Result "1-0"]
[WhiteElo "2133"]
[BlackElo "1845"]
[PlyCount "99"]
[EventDate "2005.??.??"]

1. e4 c5 2. Nc3 Nc6 3. f4 d6 4. Nf3 g6 5. Bc4 Bg7 6. O-O Nf6 7. d3 Bd7 8. Bd2
a6 9. a4 Bg4 10. h3 Bd7 11. e5 dxe5 12. fxe5 Nh5 13. Ng5 Be6 14. Bxe6 Qd4+ 15.
Rf2 fxe6 16. Nxe6 Qxe5 17. Re2 Qd6 18. Nxg7+ Nxg7 19. Ne4 Qe5 20. Ng5 Qd5 21.
Re4 h6 22. Nf3 O-O-O 23. Qe1 Nf5 24. b4 cxb4 25. Bxb4 Nd6 26. Bxd6 Rxd6 27. Qc3
Re8 28. Re5 Qf7 29. Rae1 Kb8 30. Rc5 Rc8 31. Re4 Qf6 32. Ne5 Rc7 33. d4 e6 34.
Qe3 Kc8 35. c3 b6 36. Rxc6 Rdxc6 37. Nxc6 Rxc6 38. Qd3 Kb7 39. Re5 Rd6 40. Qe4+
Ka7 41. c4 Kb8 42. a5 Qd8 43. d5 exd5 44. cxd5 Kc7 45. Re7+ Rd7 46. d6+ Kxd6
47. Qe6+ Kc7 48. axb6+ Kc8 49. Rxd7 Qxd7 50. b7+ 1-0

[Event "SR 2. liga A 2005/2006"]
[Site "?"]
[Date "2005.10.22"]
[Round "3.1"]
[White "Petrik, Stanislav"]
[Black "Matejovic, Juraj"]
[Result "0-1"]
[WhiteElo "2246"]
[BlackElo "2248"]
[PlyCount "94"]
[EventDate "2005.??.??"]

1. e4 c5 2. Nf3 e6 3. c4 Nc6 4. Nc3 Nf6 5. d4 cxd4 6. Nxd4 Bb4 7. Nxc6 bxc6 8.
Bd3 e5 9. O-O O-O 10. Bg5 d6 11. h3 Bc5 12. Qe2 Be6 13. Rad1 h6 14. Bc1 Nd7 15.
Kh2 Qe7 16. Qh5 Rad8 17. Ne2 d5 18. exd5 Nf6 19. Qh4 Ng4+ 20. Kg3 Bxf2+ 21.
Rxf2 Qxh4+ 22. Kxh4 Nxf2 23. Rf1 Nxd3 24. dxe6 fxe6 25. Rg1 Nxc1 26. Nxc1 Rd4+
27. Kg3 Rxc4 28. Nd3 e4 29. Ne5 Rc5 30. Ng4 Rc2 31. Rd1 Rxb2 32. Rd6 h5 33. Ne3
Re2 34. Nc4 Rf6 35. Ne5 Rxa2 36. Rxc6 e3 37. Nf3 Ra4 38. h4 Rg4+ 39. Kh3 e2 40.
Rc1 Re4 41. Re1 a5 42. Kg3 a4 43. Kf2 a3 44. Kg3 a2 45. Kf2 Kf8 46. Kg3 Rxf3+
47. gxf3 a1=Q 0-1

[Event "SR 2. liga A 2005/2006"]
[Site "?"]
[Date "2005.10.22"]
[Round "3.2"]
[White "Hrivnak, Martin"]
[Black "Biro, Karol"]
[Result "1-0"]
[WhiteElo "2177"]
[BlackElo "2172"]
[PlyCount "64"]
[EventDate "2005.??.??"]

1. Nf3 g6 2. c4 Bg7 3. Nc3 e5 4. d4 exd4 5. Nxd4 Nc6 6. Nc2 Nge7 7. h4 h5 8.
Bg5 d6 9. Nd5 Be6 10. Nf6+ Kf8 11. e4 Qc8 12. Ne3 Ne5 13. Be2 Nd7 14. Nxd7+
Qxd7 15. O-O Nc6 16. Nd5 Bxd5 17. cxd5 Nd4 18. Re1 c5 19. dxc6 bxc6 20. Qa4 Qb7
21. Rad1 c5 22. Bc4 Rb8 23. Bd5 Qc7 24. Re3 f6 25. Rxd4 cxd4 26. Rf3 Ke7 27.
Bxf6+ Bxf6 28. Rxf6 Rbf8 29. Rxg6 Rh7 30. Qxd4 Kd8 31. Bc4 Ke7 32. Qd5 Rf6 1-0

[Event "SR 2. liga A 2005/2006"]
[Site "?"]
[Date "2005.10.22"]
[Round "3.3"]
[White "Krajnak, Robert"]
[Black "Chovanec, Vladimir"]
[Result "1/2-1/2"]
[WhiteElo "2089"]
[BlackElo "2111"]
[PlyCount "82"]
[EventDate "2005.??.??"]

1. c4 e5 2. Nc3 Nf6 3. Nf3 d6 4. d3 g6 5. g3 Bg7 6. Bg2 O-O 7. O-O c6 8. c5
dxc5 9. Nxe5 Nd5 10. f4 Nd7 11. Nxd7 Qxd7 12. Qb3 Bd4+ 13. Kh1 Ne3 14. Bxe3
Bxe3 15. Rf3 Qe7 16. Ne4 Bd4 17. e3 Bg7 18. Rc1 b6 19. h3 Be6 20. Qc2 Bd5 21.
f5 Bxe4 22. dxe4 Qe5 23. b3 Rad8 24. Rcf1 Qb2 25. Qxb2 Bxb2 26. R1f2 Be5 27.
Bf1 f6 28. Bc4+ Kg7 29. a4 g5 30. Kg2 h5 31. Rc2 a5 32. Rff2 Rd6 33. Rfd2 Rfd8
34. Rxd6 Rxd6 35. h4 g4 36. Ba6 Kf8 37. Be2 Rd8 38. Kf2 Ke7 39. Kg2 Rb8 40. Kf2
Bd6 41. Ra2 Be5 1/2-1/2

[Event "SR 2. liga A 2005/2006"]
[Site "?"]
[Date "2005.10.22"]
[Round "3.4"]
[White "Bednar, Jan"]
[Black "Farkas, Vladimir"]
[Result "1/2-1/2"]
[WhiteElo "2175"]
[BlackElo "2061"]
[PlyCount "108"]
[EventDate "2005.??.??"]

1. e4 d6 2. d4 g6 3. g3 Bg7 4. Bg2 Nf6 5. Ne2 O-O 6. O-O e5 7. c4 c6 8. Nbc3
Qe7 9. d5 c5 10. a3 Na6 11. Bd2 Ne8 12. Na4 f5 13. f3 fxe4 14. fxe4 Rxf1+ 15.
Qxf1 Bd7 16. Nac3 Nf6 17. Bh3 Rf8 18. Bxd7 Nxd7 19. Qg2 Nc7 20. Rc1 Rf7 21. b4
b6 22. b5 Bf6 23. Nd1 Bg5 24. Ne3 Qf8 25. h4 Bh6 26. Rf1 Bxe3+ 27. Bxe3 Rxf1+
28. Qxf1 Qxf1+ 29. Kxf1 Nf6 30. Nc3 Ng4 31. Bd2 Kg7 32. Ke2 h6 33. a4 Nf6 34.
Kf3 Nd7 35. g4 Ne8 36. Ne2 Nc7 37. Ng3 Nf6 38. h5 Ng8 39. hxg6 Kxg6 40. a5 Ne8
41. a6 Ne7 42. Be1 Nf6 43. Nf5 Nxf5 44. gxf5+ Kh5 45. Bd2 Nd7 46. Kg3 Nf6 47.
Kh3 Nd7 48. Be1 Kg5 49. Bh4+ Kf4 50. Bd8 Kxe4 51. f6 Kd3 52. Bxb6 Kxc4 53. Bxa7
Kxb5 54. Bxc5 Kxa6 1/2-1/2

[Event "SR 2. liga A 2005/2006"]
[Site "?"]
[Date "2005.11.26"]
[Round "3.4"]
[White "Hecko, Dusan"]
[Black "Petreje, Juraj"]
[Result "1/2-1/2"]
[WhiteElo "2122"]
[BlackElo "2181"]
[PlyCount "85"]
[EventDate "2005.??.??"]

{A34: Symmetrical English: 2 Nc3, lines with ...d5} 1. c4 c5 2. Nc3 Nf6 3. g3
d5 4. cxd5 Nxd5 5. Bg2 Nc7 6. Nf3 Nc6 7. O-O g6 {last book move} 8. b3 ({
kniz. Fritz} 8. d3 Bg7 9. Bd2 O-O 10. a3 Bd7 11. Rb1) 8... Bg7 9. Bb2 O-O 10.
Na4 Bxb2 11. Nxb2 b6 12. d3 Rb8 13. Qd2 Nd4 14. Nc4 Nxf3+ 15. Bxf3 Bb7 16. Bxb7
Rxb7 17. Ne5 Qd4 18. Nf3 Qg7 19. Rac1 Ne6 20. Qc3 Qxc3 21. Rxc3 Rd8 22. Rfc1
Kg7 23. h4 Nd4 24. Nxd4 Rxd4 25. Kg2 Rbd7 26. Rc4 f5 27. Rxd4 Rxd4 28. Rc4 Kf6
29. Rxd4 cxd4 30. Kf3 Ke5 31. a3 h6 32. Kg2 g5 $17 33. hxg5 hxg5 34. Kf3 a5 35.
Kg2 b5 36. Kf3 Kd5 37. Kg2 Ke5 38. f3 Ke6 39. Kh3 Kf6 40. Kg2 g4 41. fxg4 fxg4
42. Kf2 Ke6 43. Ke1 1/2-1/2

[Event "SR 2. liga A 2005/2006"]
[Site "?"]
[Date "2005.10.22"]
[Round "3.5"]
[White "Goga, Frantisek"]
[Black "Harvan, Martin"]
[Result "0-1"]
[WhiteElo "2002"]
[BlackElo "2131"]
[PlyCount "28"]
[EventDate "2005.??.??"]

1. e4 c5 2. Nf3 Nc6 3. c3 d5 4. exd5 Qxd5 5. Be2 e5 6. d3 Bf5 7. Nh4 Be6 8. O-O
Be7 9. Nf3 Nf6 10. Na3 O-O 11. Bg5 Rad8 12. Nc4 Rfe8 13. Qc2 Bf5 14. Rad1 Qxc4
0-1

[Event "SR 2. liga A 2005/2006"]
[Site "?"]
[Date "2005.10.22"]
[Round "3.6"]
[White "Lauf, Pavol"]
[Black "Raczko, Peter"]
[Result "0-1"]
[WhiteElo "2116"]
[BlackElo "2041"]
[PlyCount "78"]
[EventDate "2005.??.??"]

1. c4 e6 2. Nf3 d5 3. d4 Nf6 4. Nc3 Be7 5. e3 Nbd7 6. Be2 dxc4 7. Bxc4 O-O 8.
O-O b6 9. Qe2 Bb7 10. e4 Re8 11. Rd1 Qc8 12. Bg5 Nf8 13. Rac1 Ng6 14. Nd2 h6
15. Be3 e5 16. f3 exd4 17. Bxd4 Rd8 18. Nb3 c5 19. Bf2 Ne5 20. Nd5 Nxd5 21.
Bxd5 Bxd5 22. exd5 Bd6 23. Nd4 Qd7 24. Nb5 Re8 25. Qf1 a6 26. Nc3 f6 27. b3 Nf7
28. Na4 Qb7 29. b4 cxb4 30. Nxb6 Rad8 31. Nc4 Qb5 32. Nxd6 Nxd6 33. Bc5 Re2 34.
Re1 Rxa2 35. Bxd6 Rxd6 36. Rc8+ Kh7 37. Rc4 Qxd5 38. Re3 Rd2 39. Qb1+ f5 0-1

[Event "SR 2. liga A 2005/2006"]
[Site "?"]
[Date "2005.10.22"]
[Round "3.7"]
[White "Deak, Gabriel"]
[Black "Stefan, Oldrich"]
[Result "1/2-1/2"]
[WhiteElo "2038"]
[BlackElo "2080"]
[PlyCount "81"]
[EventDate "2005.??.??"]

1. d4 Nf6 2. Nf3 g6 3. Bf4 Bg7 4. e3 O-O 5. Bd3 d5 6. Nbd2 c5 7. c3 Nc6 8. Ne5
Nxe5 9. Bxe5 Nd7 10. Bxg7 Kxg7 11. h4 e5 12. Qc2 cxd4 13. exd4 e4 14. Bb5 Nf6
15. Nf1 a6 16. Be2 Bg4 17. Ne3 Bxe2 18. Qxe2 Nh5 19. Qc2 f5 20. Qb3 Nf4 21. h5
Rf7 22. hxg6 hxg6 23. O-O-O Nd3+ 24. Rxd3 exd3 25. Qxd5 Qxd5 26. Nxd5 Re8 27.
Nf4 Rfe7 28. Nxd3 Rh8 29. Rxh8 Kxh8 30. Kd2 Kg7 31. c4 Kf6 32. d5 Rd7 33. f4
Rh7 34. b4 Rh2 35. Ne1 Rh4 36. Ke3 Rh1 37. Kf2 Rh4 38. Ke3 Rh1 39. Nc2 Rc1 40.
Kd2 Rf1 41. Ke3 1/2-1/2

[Event "SR 2. liga A 2005/2006"]
[Site "?"]
[Date "2005.10.22"]
[Round "3.8"]
[White "Bury, Rastislav"]
[Black "Vinarcik, Jan"]
[Result "1-0"]
[WhiteElo "2047"]
[BlackElo "2046"]
[PlyCount "129"]
[EventDate "2005.??.??"]

1. d4 d5 2. c4 c6 3. Nf3 e6 4. Nc3 Nf6 5. Bg5 Nbd7 6. e3 Qa5 7. Nd2 dxc4 8.
Bxf6 Nxf6 9. Nxc4 Qg5 10. g3 Bb4 11. Bg2 O-O 12. O-O Bxc3 13. bxc3 Nd5 14. Qb3
Qd8 15. e4 Nb6 16. Nxb6 axb6 17. a4 Ra5 18. Rfb1 b5 19. axb5 Rxb5 20. Qa4 Rxb1+
21. Rxb1 Qc7 22. e5 Rd8 23. Qb4 Qd7 24. Qb6 g6 25. Ra1 Rf8 26. f4 Qd8 27. Qxd8
Rxd8 28. Rb1 Kf8 29. Kf2 Ke7 30. Ke3 Kd7 31. c4 Kc7 32. c5 Bd7 33. Ra1 Rb8 34.
Ra7 Kc8 35. Bf1 Kd8 36. Bd3 h5 37. h4 b5 38. Kd2 Kc8 39. Kc3 Rb7 40. Ra6 Kc7
41. Kb4 Be8 42. Ka5 Kb8 43. Be4 Ra7 44. Kb6 Rb7+ 45. Ka5 Ra7 46. Bd3 Rxa6+ 47.
Kxa6 Kc7 48. Be2 Kd7 49. Kb7 Ke7 50. Kc7 Bd7 51. g4 hxg4 52. Bxg4 Be8 53. Bf3
Bd7 54. Be2 Be8 55. Bf3 Bd7 56. d5 cxd5 57. c6 Be8 58. Kb7 f6 59. c7 Bd7 60.
Be2 b4 61. c8=Q Bxc8+ 62. Kxc8 fxe5 63. fxe5 b3 64. Kc7 d4 65. Bd3 1-0

[Event "SR 2. liga A 2005/2006"]
[Site "?"]
[Date "2005.10.22"]
[Round "4.1"]
[White "Vlcek, Stanislav"]
[Black "Fabry, Robert"]
[Result "1/2-1/2"]
[WhiteElo "2238"]
[BlackElo "2198"]
[PlyCount "61"]
[EventDate "2005.??.??"]

1. e4 e5 2. Nf3 Nc6 3. Bb5 a6 4. Ba4 Nf6 5. O-O Be7 6. Re1 b5 7. Bb3 O-O 8. c3
d5 9. exd5 Nxd5 10. Nxe5 Nxe5 11. Rxe5 c6 12. d4 Bd6 13. Re2 Qh4 14. g3 Qh5 15.
Nd2 Bg4 16. f3 Bxf3 17. Nxf3 Qxf3 18. Rf2 Qxd1+ 19. Bxd1 Rfd8 20. Bf3 Bc7 21.
Re2 Bb6 22. Kg2 Kf8 23. Bd2 Ra7 24. Rae1 Re7 25. Rxe7 Nxe7 26. Bg5 f6 27. Bc1
a5 28. Re6 Kf7 29. d5 Bc7 30. Be3 cxd5 31. Ra6 1/2-1/2

[Event "SR 2. liga A 2005/2006"]
[Site "?"]
[Date "2005.11.27"]
[Round "4.2"]
[White "Biro, Karol"]
[Black "Hecko, Dusan"]
[Result "0-1"]
[WhiteElo "2172"]
[BlackElo "2122"]
[PlyCount "60"]
[EventDate "2005.??.??"]

{A04: Unusual lines after 1 Nf3 and King's Indian Attack} 1. Nf3 c5 2. g3 Nc6
3. Bg2 Nf6 4. O-O e6 5. d3 Be7 6. e4 d6 7. c3 O-O 8. Qe2 {last book move} Qc7 (
{kniz. Fritz} 8... b6 9. Na3 Ba6 10. Ne1 b5 11. Nac2 b4 12. c4 Bb7 13. f4 Nd7
14. Nf3 a5 15. g4 a4 16. g5 Re8 17. Qf2 b3) 9. Na3 a6 10. Nc2 b6 11. d4 Bb7 12.
Bf4 cxd4 13. Nfxd4 (13. cxd4 Rac8 $11) 13... Nxd4 14. cxd4 $11 Rac8 15. Na3 b5
16. Rac1 Qd7 17. Nb1 Rxc1 18. Rxc1 Rc8 19. Rd1 Qc7 20. Nc3 b4 $17 21. e5 bxc3
22. exd6 (22. exf6 $5 Bxf6 23. Bxb7 Qxb7 24. bxc3 $17) 22... Bxd6 $19 23. Bxd6
Qxd6 24. Bxb7 Rb8 25. Bxa6 cxb2 26. Bd3 Qxd4 27. Qc2 Qb4 28. a4 $2 Nd5 29.
Bxh7+ Kh8 30. Bd3 Nc3 0-1

[Event "SR 2. liga A 2005/2006"]
[Site "?"]
[Date "2005.10.22"]
[Round "4.2"]
[White "Janos, Jozef"]
[Black "Dudas, Jan"]
[Result "1/2-1/2"]
[WhiteElo "2227"]
[BlackElo "2287"]
[PlyCount "34"]
[EventDate "2005.??.??"]

1. d4 c5 2. d5 e5 3. c4 d6 4. Nc3 Be7 5. g3 Na6 6. Bg2 Nc7 7. Nf3 Nf6 8. e4 O-O
9. O-O Rb8 10. a4 b6 11. Nh4 g6 12. f4 Bg4 13. Nf3 Nd7 14. f5 gxf5 15. exf5 Kh8
16. h3 Bxf3 17. Qxf3 Rg8 1/2-1/2

[Event "SR 2. liga A 2005/2006"]
[Site "?"]
[Date "2005.10.22"]
[Round "4.3"]
[White "Duriga, Stefan"]
[Black "Mikulas, Dusan"]
[Result "1-0"]
[WhiteElo "2263"]
[BlackElo "2148"]
[PlyCount "69"]
[EventDate "2005.??.??"]

1. d4 d5 2. Nf3 Nf6 3. c4 e6 4. Nc3 Be7 5. Bg5 Nbd7 6. Rc1 c6 7. e3 a6 8. c5
Ne4 9. Bxe7 Qxe7 10. Nxe4 dxe4 11. Nd2 f5 12. Nc4 O-O 13. b4 e5 14. d5 f4 15.
dxc6 bxc6 16. Qd6 Qg5 17. Qe6+ Kh8 18. h4 Qh5 19. Qxc6 Rb8 20. a3 fxe3 21. Nxe3
Qf7 22. Rc2 Qb3 23. Be2 Qxa3 24. O-O Rxb4 25. Nd5 Rd4 26. Rb1 e3 27. Nxe3 Rb4
28. Rxb4 Qxb4 29. Bg4 Nb8 30. Qd6 Qf4 31. Bf5 Rg8 32. Rc4 Qh6 33. Qxb8 Bxf5 34.
Qxe5 Be6 35. Rb4 1-0

[Event "SR 2. liga A 2005/2006"]
[Site "?"]
[Date "2005.10.22"]
[Round "4.4"]
[White "Kolman, Richard"]
[Black "Petrik, Karol"]
[Result "1-0"]
[WhiteElo "2096"]
[BlackElo "2230"]
[PlyCount "87"]
[EventDate "2005.??.??"]

1. d4 g6 2. Nf3 Bg7 3. Bf4 c5 4. c3 Qb6 5. Qb3 d6 6. e3 Nf6 7. Nbd2 O-O 8. Be2
Be6 9. dxc5 dxc5 10. Qc2 Nbd7 11. Nc4 Qd8 12. Rd1 Qc8 13. Ng5 Bd5 14. e4 Bxc4
15. Bxc4 Nb6 16. Be2 h6 17. Nf3 Qe6 18. e5 Nfd5 19. Bg3 Rad8 20. O-O Kh8 21.
Rfe1 Rg8 22. a3 Qc8 23. Qe4 e6 24. Bh4 Rd7 25. Bb5 Rc7 26. Bd3 Ne7 27. c4 Qe8
28. Qg4 Nf5 29. Nd2 Rd7 30. Ne4 Rd4 31. Qh3 Qa4 32. Bf6 Rxe4 33. Bxe4 Kh7 34.
Bxf5 gxf5 35. b3 Qxa3 36. Re3 Bxf6 37. exf6 Qb2 38. Qh4 Rg6 39. h3 a5 40. Rd8
a4 41. bxa4 Qa1+ 42. Kh2 Qxa4 43. Rg3 Qc6 44. Qxh6+ 1-0

[Event "SR 2. liga A 2005/2006"]
[Site "?"]
[Date "2005.10.22"]
[Round "4.5"]
[White "Petreje, Juraj"]
[Black "Milanov, Jasen"]
[Result "0-1"]
[WhiteElo "2181"]
[BlackElo "1988"]
[PlyCount "108"]
[EventDate "2005.??.??"]

1. d4 e6 2. Nf3 d5 3. c4 Nf6 4. Nc3 Be7 5. Bg5 O-O 6. e3 b6 7. Qc2 Bb7 8. Rd1
Nbd7 9. Bd3 dxc4 10. Bxc4 Nd5 11. Bxd5 exd5 12. Bxe7 Qxe7 13. O-O Nf6 14. a3
Rac8 15. Rfe1 Ne4 16. Ne2 c5 17. dxc5 Rxc5 18. Qb1 Rfc8 19. Nfd4 Qf6 20. f3 Nd6
21. Nf4 Nc4 22. a4 Nxe3 23. Rxe3 Qxf4 24. Re7 R5c7 25. g3 Qf6 26. Rxc7 Rxc7 27.
Qf5 Qxf5 28. Nxf5 g6 29. Nd4 Rc4 30. b3 Rc3 31. Kf2 Ba6 32. g4 Kf8 33. Kg3 Ke7
34. Kf4 h6 35. h4 Kd6 36. g5 h5 37. Rd2 Rd3 38. Rxd3 Bxd3 39. b4 a6 40. Ke3 Bf1
41. f4 Bh3 42. Ne2 Bf1 43. Ng3 Bh3 44. Ne2 Bf1 45. Ng3 Bc4 46. Kd4 a5 47. bxa5
bxa5 48. f5 Bb3 49. fxg6 fxg6 50. Ne2 Bxa4 51. Nf4 Bc2 52. Nxd5 a4 53. Nf6 a3
54. Kc3 Bb1 0-1

[Event "SR 2. liga A 2005/2006"]
[Site "?"]
[Date "2005.10.22"]
[Round "4.6"]
[White "Janecek, Jan"]
[Black "Bronis, Marian"]
[Result "1-0"]
[WhiteElo "2500"]
[BlackElo "2133"]
[PlyCount "67"]
[EventDate "2005.??.??"]

1. d4 c5 2. e3 Nf6 3. c4 g6 4. Nc3 Bg7 5. Nf3 O-O 6. Be2 b6 7. O-O Bb7 8. d5 d6
9. e4 Nbd7 10. h3 h6 11. Be3 Kh7 12. Nh2 a6 13. Qd2 Rb8 14. f4 Ba8 15. a4 Ne8
16. f5 Ne5 17. Ng4 Nxg4 18. hxg4 g5 19. Kf2 e6 20. Rh1 Kg8 21. Rh3 Qf6 22. Rah1
Rd8 23. Bf3 Nc7 24. Rh5 Rfe8 25. Ne2 exd5 26. cxd5 Re5 27. Rxg5 Rde8 28. Rgh5
Bxd5 29. Bxh6 Bxe4 30. Bxg7 Kxg7 31. Ng3 Bxf3 32. gxf3 Kf8 33. Rh6 Qg7 34.
Qxd6+ 1-0

[Event "SR 2. liga A 2005/2006"]
[Site "?"]
[Date "2005.10.22"]
[Round "4.7"]
[White "Sukuba, Zdeno"]
[Black "Kuna, Vladimir"]
[Result "1-0"]
[WhiteElo "2108"]
[BlackElo "2094"]
[PlyCount "65"]
[EventDate "2005.??.??"]

1. Nf3 d5 2. c4 e6 3. g3 Nf6 4. Bg2 Be7 5. O-O O-O 6. d4 c6 7. b3 Nbd7 8. Bb2
Qc7 9. Nc3 a6 10. Rc1 Rd8 11. Qc2 dxc4 12. bxc4 Nb6 13. Ne4 Nxe4 14. Qxe4 Bf6
15. Ba3 Nd7 16. Rfd1 Qa5 17. Qe3 b5 18. Ne5 Bxe5 19. dxe5 Bb7 20. Be7 Nf8 21.
Bxd8 Rxd8 22. Rxd8 Qxd8 23. cxb5 axb5 24. Qc5 Qd2 25. Qc2 Qd4 26. Bxc6 Bxc6 27.
Qxc6 Qxe5 28. Qf3 h6 29. Rb1 Ng6 30. Qd3 b4 31. Qc4 Ne7 32. Qxb4 Nd5 33. Qb8+
1-0

[Event "SR 2. liga A 2005/2006"]
[Site "?"]
[Date "2005.10.22"]
[Round "5.1"]
[White "Likavsky, Tomas"]
[Black "Polacik, Igor"]
[Result "1-0"]
[WhiteElo "2514"]
[BlackElo "2056"]
[PlyCount "69"]
[EventDate "2005.??.??"]

1. d4 d5 2. c4 e6 3. Nc3 f5 4. e3 c6 5. Bd3 Bd6 6. Nge2 Ne7 7. f3 O-O 8. O-O
Kh8 9. e4 dxc4 10. Bxc4 e5 11. dxe5 Bxe5 12. Qxd8 Rxd8 13. Bg5 Re8 14. Rad1 Bc7
15. Ng3 f4 16. Nge2 Ng6 17. Bf7 Rf8 18. Bxg6 hxg6 19. Nxf4 Kh7 20. g3 Re8 21.
h4 Nd7 22. Kg2 Ne5 23. Nh3 b5 24. Bf4 b4 25. Ng5+ Kg8 26. Na4 Ba6 27. Rf2 Bb6
28. Nxb6 axb6 29. Bxe5 Rxe5 30. Rd6 Bb5 31. Rfd2 Ree8 32. Rxg6 Rxa2 33. Rd7
Rxb2+ 34. Kh3 Bc4 35. Rdxg7+ 1-0

[Event "SR 2. liga A 2005/2006"]
[Site "?"]
[Date "2005.10.22"]
[Round "5.2"]
[White "Kubon, Kamil"]
[Black "Meszaros, Michal"]
[Result "0-1"]
[WhiteElo "2062"]
[BlackElo "2354"]
[PlyCount "88"]
[EventDate "2005.??.??"]

1. Nf3 g6 2. g3 Bg7 3. Bg2 c5 4. c4 Nc6 5. Nc3 d6 6. O-O Nh6 7. d3 O-O 8. Bd2
Nf5 9. e3 e6 10. Ne1 Qd7 11. Rb1 b6 12. a3 Bb7 13. b4 h5 14. b5 Ne5 15. e4 Nd4
16. f4 Ng4 17. h3 Nh6 18. Kh2 f5 19. Nf3 Rae8 20. Nxd4 cxd4 21. Ne2 Rf7 22. Qc2
Qd8 23. a4 h4 24. Be1 hxg3+ 25. Bxg3 Bf6 26. Bf3 Rh7 27. Kg2 Kh8 28. Rh1 Qa8
29. Ng1 e5 30. Re1 Nf7 31. Kf1 exf4 32. Bxf4 fxe4 33. Bxe4 Bxe4 34. Rxe4 Rxe4
35. dxe4 Rh4 36. Ne2 g5 37. Bg3 Rxe4 38. Rh2 Kg7 39. Bf2 Be5 40. Ng3 Bxg3 41.
Bxg3 Re3 42. Qg2 Qc8 43. Bf2 Qxc4+ 44. Kg1 Rc3 0-1

[Event "SR 2. liga A 2005/2006"]
[Site "?"]
[Date "2005.10.22"]
[Round "5.3"]
[White "Polasek, Filip"]
[Black "Magyar, Frantisek"]
[Result "1/2-1/2"]
[WhiteElo "2068"]
[BlackElo "1990"]
[PlyCount "53"]
[EventDate "2005.??.??"]

1. e4 c5 2. Nf3 d6 3. d4 cxd4 4. Nxd4 Nf6 5. Nc3 a6 6. Be2 b5 7. f3 e5 8. Nb3
h6 9. Be3 Be6 10. Qd2 Be7 11. O-O-O Nbd7 12. g4 Nc5 13. Nxc5 dxc5 14. Nd5 Bxd5
15. exd5 Bd6 16. h4 Nd7 17. h5 Qc7 18. Bd3 O-O-O 19. c4 b4 20. Bf5 f6 21. Qc2
Kb7 22. Bxd7 Qxd7 23. Rhf1 Rhe8 24. Qe4 a5 25. Rf2 Kb6 26. Qg6 Re7 27. Re1
1/2-1/2